Normal view MARC view
  • Guim, Juan B.

Entry Nombre Personal

Number of records used in: 2

001 - NUMERO DE CONTROL

  • campo de control: 51461

003 - IDENTIFICADOR DE NUMERO DE CONTROL

  • campo de control: DLC

005 - FECHA Y HORA DE LA ÜLTIMA TRANSACCIÓN

  • campo de control: 20240322101702.0

008 - DATOS DE LONGITUD FIJA

  • campo de control de longitud fija: 850315n| acannaabn |a aaa

010 ## - NÚMERO DE CONTROL DE LA BIBLIOTECA DEL CONGRESO

  • Número de control LC: n 85003755

035 ## - NUMERO DE CONTROL

  • Número de control: (OCoLC)oca01312601

040 ## - FUENTE DE CATALOGACIÓN

  • Agencia original de catalogación: DLC
  • Lenguaje de catalogación: spa
  • Agencia de transcripción: DLC
  • Agencia que lo modifica: OCoLC
  • Agencia que lo modifica: MX-MxUPN

100 1# - ENCABEZAMIENTO - NOMBRE PERSONAL

  • Nombre personal: Guim, Juan B.
  • Fuller form of name: (Juan Bautista),
  • Fechas asociadas con el nombre: 1804-1882

400 1# - VEÁSE - NOMBRE DE PERSONA

  • Control subfield: nna
  • Personal name: Guim, Juan Bautista,
  • Dates associated with a name: 1804-1882

400 1# - VEÁSE - NOMBRE DE PERSONA

  • Personal name: Guim, J. B.
  • Fuller form of name: (Juan Bautista),
  • Dates associated with a name: 1804-1882

670 ## - FUENTE EN LA QUE SE LOCALIZARON DATOS

  • Cita de la fuente: Escriche, J. Diccionario razonado de legislación y jurisprudencia, 1977:
  • Información localizada: portada (Juan B. Guim)

670 ## - FUENTE EN LA QUE SE LOCALIZARON DATOS

  • Cita de la fuente: LC manual auth. cd.
  • Información localizada: (hdg.: Guim, Juan Bautista, 1804-1882; usage: Juan B. Guim; J. B. Guim)

670 ## - FUENTE EN LA QUE SE LOCALIZARON DATOS

  • Cita de la fuente: Los varones ilustres de la ciudad de Roma desde Rómulo hasta Augusto, 1901:
  • Información localizada: portada (Juan B. Guim)

902 ## - CATALOGADOR

  • Catalogador: Víctor Ruiz/220324